| 000 | 01248nam a22003017a 4500 | ||
|---|---|---|---|
| 001 | BD-DhSAU 9297 | ||
| 003 | BD-DhSAU | ||
| 005 | 20181209121911.0 | ||
| 008 | 150612b17 bg a||||r|||| 000 0 eng d | ||
| 040 | _aBD-DhSAU | ||
| 082 |
_222 _a630.715 _bAf85 |
||
| 100 |
_a Afroj , Sadia _eRegistration No. # 16-07549 |
||
| 245 |
_aInvolvement of farm women in Post-harvest practices of Vegetables / _bMS thesis _c Afroj , Sadia |
||
| 260 |
_aSher-e- Bangla Agricultural University : _bDepartment of Agricultural Extension and Information System, _c2017 |
||
| 300 |
_axi, 85 p. : _bill. , _c30 cm. |
||
| 500 | _aMS thesis of Department of Agricultural Extension and Information System, Faculty of Agriculture, Sher-e-Bangla Agricultural University, Dhaka, Bangladesh | ||
| 504 | _a Include Bibliographical References | ||
| 590 | _aShofi | ||
| 650 | _aAgricultural Extension and Information System | ||
| 650 | _aInvolvement | ||
| 650 | _a Farm women | ||
| 650 | _aPost-harvest practice | ||
| 650 | _aVegetable | ||
| 700 |
_aKabir , Muhammad Humayun _eSupervisor |
||
| 700 |
_aAlam , Md. Mahbubul _eCo-Supervisor |
||
| 856 |
_uhttp://archive.saulibrary.edu.bd:8080/xmlui/handle/123456789/725 _yOnline Access |
||
| 942 |
_2ddc _cTHESIS |
||
| 999 |
_c14478 _d14477 |
||